000 00589nam a22001577a 4500
999 _c511677
_d511677
020 _a9789386302489
082 _aA72x54113 L146
100 _aLaitflang, Wilson R.
_911801
245 _aDiaries from my attic:
_ba journey into the past
_cby Wilson R. Laitflang
260 _aGuwahati
_bEBH
_c2018
300 _a100p.
650 _aMeghalaya (India) -- Description and travel.
_911948
650 _aLaitflang, W. R. -- Travel -- Meghalaya -- Diaries.
_911949
650 _aMeghalaya (India) -- Officials and employees -- Travel -- Diaries
_911950
700 _aPyngrope, Iadalang, ed.
_911802